[Event "Champ FRA - Under 8"]
[Site "Europe Echecs"]
[Date "2020.07.06"]
[Round "5"]
[Time "15:45:34"]
[PlyCount "114"]
[White "KermarrecHugo"]
[Black "CassagneresCha"]
[WhiteElo "950"]
[BlackElo "1180"]
[Mode "WEB"]
[Result "1-0"]

1. e4 e5 2. Qf3 Nf6 3. Bc4 Bc5 4. g4 O-O 5. Qh3 h6 6. g5 hxg5 7. Qg3 Ne8 8. h4
gxh4 9. Qxh4 Qxh4 10. Rxh4 Nd6 11. a4 Nxc4 12. b3 Nd6 13. b4 Bxb4 14. c3 Ba5 15.
c4 Nxc4 16. Ra2 d6 17. Ne2 Be6 18. Nec3 Bxc3 19. dxc3 d5 20. f3 dxe4 21. Rah2 c6
22. Rh5 g6 23. Rh7 exf3 24. Rh8+ Kg7 25. R2h7+ Kf6 26. Rxf8 Bf5 27. Rhxf7+ Ke6
28. Rxb7 Na5 29. Rbxb8 Rxb8 30. Rxb8 Bxb1 31. Rxb1 g5 32. Bxg5 Kf5 33. Bd8 Nc4
34. Bc7 e4 35. a5 e3 36. a6 f2+ 37. Ke2 f1=Q+ 38. Rxf1+ Ke4 39. Bb8 Nd2 40. Rd1
Nf3 41. Bxa7 Ng5 42. Bxe3 Ne6 43. a7 Kf5 44. a8=Q Ke5 45. Qxc6 Kf5 46. Qxe6+
Kxe6 47. c4 Ke5 48. c5 Ke6 49. c6 Ke5 50. c7 Ke4 51. c8=Q Ke5 52. Qe8+ Kf5 53.
Rf1+ Kg4 54. Qg8+ Kh3 55. Rg1 Kh2 56. Bf4+ Kh3 57. Rh1# {CassagneresCha est échec et mat} 1-0

[Event "Champ FRA - Under 8"]
[Site "Europe Echecs"]
[Date "2020.07.06"]
[Round "5"]
[Time "15:45:34"]
[PlyCount "34"]
[White "VoglerRomain"]
[Black "Schoenenberger"]
[WhiteElo "1171"]
[BlackElo "950"]
[Mode "WEB"]
[Result "1-0"]

1. e4 e5 2. Nf3 Nc6 3. Bc4 Bc5 4. b4 Bxb4 5. c3 Bc5 6. d4 exd4 7. O-O dxc3 8.
Bxf7+ Kxf7 9. Qd5+ Ke8 10. Qxc5 Qf6 11. Nxc3 Nge7 12. Bb2 Qg6 13. Nd5 Nxd5 14.
exd5 Ne7 15. Rfe1 d6 16. Qe3 Bh3 17. Qxe7# {Schoenenberger est échec et mat} 1-0

[Event "Champ FRA - Under 8"]
[Site "Europe Echecs"]
[Date "2020.07.06"]
[Round "5"]
[Time "15:45:34"]
[PlyCount "54"]
[White "BennaniJohan"]
[Black "JourdainLouis"]
[WhiteElo "940"]
[BlackElo "1170"]
[Mode "WEB"]
[Result "1-0"]

1. e4 e5 2. Nf3 Nc6 3. d4 exd4 4. Nxd4 Nxd4 5. Qxd4 Nf6 6. Nc3 b6 7. Bc4 Bc5 8.
Qd3 O-O 9. e5 Re8 10. O-O Rxe5 11. Bf4 Re8 12. Rfe1 Rxe1+ 13. Rxe1 Bb7 14. Qf5
Bc8 15. Re5 d5 16. Qd3 Be6 17. Qg3 dxc4 18. Rg5 g6 19. Bxc7 Qd1+ 20. Nxd1 Ne4
21. Qf4 Nxg5 22. Qxg5 Rc8 23. Be5 Rd8 24. Nc3 Bb4 25. Qxd8+ Bf8 26. Qf6 Bc5 27.
Qh8# {JourdainLouis est échec et mat} 1-0

[Event "Champ FRA - Under 8"]
[Site "Europe Echecs"]
[Date "2020.07.06"]
[Round "5"]
[Time "15:45:34"]
[PlyCount "73"]
[White "ChenLucie"]
[Black "Cadilhacseffin"]
[WhiteElo "900"]
[BlackElo "1130"]
[Mode "WEB"]
[Result "0-1"]

1. e4 e5 2. Nf3 Nc6 3. Bc4 Nf6 4. O-O Bc5 5. Nc3 O-O 6. d3 d6 7. h3 Bd7 8. Bg5
h6 9. Bh4 Bb4 10. a3 Bxc3 11. b3 Bxa1 12. Qxa1 Qe7 13. b4 Be6 14. Bxe6 fxe6 15.
Qe1 Qf7 16. Qe3 Nh5 17. Nh2 Nf4 18. Ng4 Nd4 19. c3 Nc2 20. Qg3 Ne2+ 21. Kh1
Nxg3+ 22. Bxg3 a5 23. b5 Nxa3 24. b6 cxb6 25. d4 exd4 26. cxd4 Rad8 27. e5 d5
28. Bh4 Rc8 29. g3 Rc2 30. f3 g6 31. Nxh6+ Kg7 32. Nxf7 Rxf7 33. f4 b5 34. f5
gxf5 35. g4 fxg4 36. hxg4 Rxf1# {ChenLucie est échec et mat} 0-1

[Event "Champ FRA - Under 8"]
[Site "Europe Echecs"]
[Date "2020.07.06"]
[Round "5"]
[Time "15:45:34"]
[PlyCount "35"]
[White "BousmatAdam"]
[Black "FonsatEthan"]
[WhiteElo "799"]
[BlackElo "1130"]
[Mode "WEB"]
[Result "0-1"]

1. e4 e5 2. Nf3 Bd6 3. d4 exd4 4. Nxd4 Nf6 5. Nc3 O-O 6. Bc4 Qe7 7. Bd3 Be5 8.
Nf3 Bxc3+ 9. Bd2 Bxd2+ 10. Qxd2 Re8 11. Qe2 Qb4+ 12. c3 Qe7 13. e5 Ng4 14. Qe3
Nxe5 15. Qe4 Nxd3+ 16. Ke2 Qxe4+ 17. Kd2 Qe2# {BousmatAdam est échec et mat} 0-1

[Event "Champ FRA - Under 8"]
[Site "Europe Echecs"]
[Date "2020.07.06"]
[Round "5"]
[Time "15:45:34"]
[PlyCount "131"]
[White "BalesterDimitr"]
[Black "GlonTombiAmbas"]
[WhiteElo "1120"]
[BlackElo "920"]
[Mode "WEB"]
[Result "0-1"]

1. e4 e5 2. Nf3 Nc6 3. Nc3 Nf6 4. Bb5 Bc5 5. Bxc6 bxc6 6. Nxe5 d6 7. Nc4 Ng4 8.
Qe2 Qf6 9. f3 Ne5 10. Nxe5 dxe5 11. Na4 Bd4 12. c3 Bb6 13. Nxb6 axb6 14. h4 Ba6
15. Qe3 O-O 16. b4 Qe7 17. a4 h6 18. b5 cxb5 19. axb5 Bxb5 20. Rxa8 Rxa8 21. d3
Rd8 22. c4 Ba6 23. g4 b5 24. cxb5 Bxb5 25. g5 Rd6 26. Ba3 Rxd3 27. Bxe7 Rxe3+
28. Kf2 Ra3 29. Bxa3 hxg5 30. Rc1 gxh4 31. Rc5 Ba6 32. Rc6 Bb5 33. Rxc7 f6 34.
Rc8+ Kf7 35. Rb8 Bd7 36. Rb7 Ke6 37. Rb6+ Kf7 38. Rb7 Ke6 39. Bb2 Bc6 40. Rb6
Kd6 41. Ba3+ Kd7 42. Rb7+ Bxb7 43. Kg2 g5 44. Kh3 Kc6 45. Kg4 Ba6 46. Kf5 h3 47.
Kxf6 h2 48. Kxe5 h1=Q 49. Ke6 Qh3+ 50. Ke5 Qg3+ 51. Kf5 Qxf3+ 52. Kxg5 Qxa3 53.
Kf5 Qf8+ 54. Ke5 Qe8+ 55. Kf5 Bc8+ 56. Kf4 Kc5 57. e5 Bb7 58. Kf5 Kd5 59. Kf6
Qxe5+ 60. Kf7 Qd6 61. Ke8 Ba6 62. Kf7 Ke5 63. Ke8 Qc7 64. Kf8 Ke6 65. Ke8 Qc8# {BalesterDimitr est échec et mat} 0-1

[Event "Champ FRA - Under 8"]
[Site "Europe Echecs"]
[Date "2020.07.06"]
[Round "5"]
[Time "15:45:34"]
[PlyCount "74"]
[White "RodriguezAntoi"]
[Black "TellierArthur"]
[WhiteElo "1110"]
[BlackElo "800"]
[Mode "WEB"]
[Result "1/2-1/2"]

1. e4 e5 2. Nf3 Nc6 3. d4 Qf6 4. Bg5 Qd6 5. dxe5 Nf6 6. exf6 gxf6 7. Qxd6 cxd6
8. Bxf6 Rg8 9. Nc3 h5 10. Nd5 Bh6 11. Nc7+ Kf8 12. Nxa8 Rg6 13. Bh4 Re6 14. Bd3
Nb4 15. Bg5 Bxg5 16. Nxg5 Rg6 17. Nf3 d5 18. exd5 Nxd5 19. Bxg6 fxg6 20. O-O-O
d6 21. Rxd5 Bg4 22. Rxd6 Bf5 23. Rf6+ Kg7 24. Rd6 Kh6 25. Nh4 Be4 26. Nc7 b5 27.
Nxb5 a5 28. Ra6 a4 29. Rxa4 Bb7 30. Nd6 Bc6 31. Rc4 Bb5 32. Rf4 Bd7 33. Rf6 Bg4
34. Rxg6+ Kh7 35. Re1 Bd7 36. Re7+ Kh8 37. Rxd7 {Nulle par pat} 1/2-1/2

[Event "Champ FRA - Under 8"]
[Site "Europe Echecs"]
[Date "2020.07.06"]
[Round "5"]
[Time "15:45:34"]
[PlyCount "37"]
[White "CorralNehamaLe"]
[Black "GurevichMichel"]
[WhiteElo "799"]
[BlackElo "1107"]
[Mode "WEB"]
[Result "0-1"]

1. e4 e5 2. Nf3 Nf6 3. Nc3 Nc6 4. Bc4 Bc5 5. O-O O-O 6. d3 d6 7. Be3 Bxe3 8.
fxe3 Ng4 9. h3 Nh6 10. d4 Kh8 11. dxe5 f5 12. exf5 Rxf5 13. exd6 cxd6 14. e4 Rh5
15. Re1 Qb6+ 16. Kh2 Ng4+ 17. Kg3 Qf2+ 18. Kf4 g5# {CorralNehamaLe est échec et mat} 0-1

[Event "Champ FRA - Under 8"]
[Site "Europe Echecs"]
[Date "2020.07.06"]
[Round "5"]
[Time "15:45:34"]
[PlyCount "135"]
[White "RosuMatei"]
[Black "LefolMarius"]
[WhiteElo "1091"]
[BlackElo "799"]
[Mode "WEB"]
[Result "0-1"]

1. e4 e6 2. Nf3 d5 3. Nc3 Nf6 4. exd5 exd5 5. Bd3 Be7 6. Ng5 O-O 7. O-O h6 8.
Nf3 c5 9. Nb5 c4 10. Be2 a6 11. Nbd4 b5 12. d3 Bb7 13. Re1 Nc6 14. Nxc6 Bxc6 15.
Ne5 Qd6 16. Nxc6 Qxc6 17. Bf3 Bd8 18. Re5 Bc7 19. Bxd5 Nxd5 20. Re4 Qd6 21. Rg4
Qxh2+ 22. Kf1 Qh1+ 23. Ke2 Rfe8+ 24. Kd2 Bf4+ 25. Rxf4 Qxd1+ 26. Kxd1 Nxf4 27.
Bxf4 g5 28. Bd6 Re6 29. Bc7 Rae8 30. Kd2 Re2+ 31. Kc3 cxd3 32. cxd3 Rxf2 33. g3
Rg2 34. Rf1 Rxg3 35. Bxg3 h5 36. Rh1 h4 37. Bc7 Rc8 38. Kd4 Rxc7 39. Rg1 f6 40.
b3 Rc2 41. a4 bxa4 42. bxa4 h3 43. Rh1 h2 44. Kd5 g4 45. Ke4 g3 46. Kf3 g2 47.
Rxh2 g1=Q 48. Rxc2 Qd1+ 49. Re2 Qxd3+ 50. Kf2 Qd4+ 51. Kf1 Qxa4 52. Re8+ Kf7 53.
Rc8 Qb5+ 54. Kg2 Qd5+ 55. Kg1 a5 56. Rc7+ Ke6 57. Rc1 Qd4+ 58. Kh1 a4 59. Re1+
Kd5 60. Rg1 a3 61. Rc1 a2 62. Rd1 Qxd1+ 63. Kg2 a1=Q 64. Kg3 Qdd4 65. Kf3 Qac3+
66. Ke2 Qdd2+ 67. Kf1 Qcc1# {RosuMatei est échec et mat} 0-1

[Event "Champ FRA - Under 8"]
[Site "Europe Echecs"]
[Date "2020.07.06"]
[Round "5"]
[Time "15:45:34"]
[PlyCount "37"]
[White "FeretGabriel"]
[Black "LarroumetsAugu"]
[WhiteElo "799"]
[BlackElo "1090"]
[Mode "WEB"]
[Result "0-1"]

1. e4 e5 2. Nf3 Nf6 3. Nc3 Nc6 4. Bc4 Bc5 5. d3 h6 6. O-O d6 7. Nd5 Nd4 8. Nxf6+
gxf6 9. c3 Nxf3+ 10. Qxf3 Rg8 11. Bxh6 Bg4 12. Qxg4 Rxg4 13. h3 Rg6 14. Bd2 Qd7
15. Rfe1 f5 16. exf5 Qxf5 17. b4 Qxf2+ 18. Kh1 Qxg2# {FeretGabriel est échec et mat} 0-1

[Event "Champ FRA - Under 8"]
[Site "Europe Echecs"]
[Date "2020.07.06"]
[Round "5"]
[Time "15:45:34"]
[PlyCount "105"]
[White "LeoniMathis"]
[Black "TchaplyguineNi"]
[WhiteElo "799"]
[BlackElo "1090"]
[Mode "WEB"]
[Result "0-1"]

1. e4 e5 2. Nf3 Nf6 3. Nxe5 d6 4. Nf3 Nxe4 5. d3 Nf6 6. Bf4 d5 7. Nc3 Nc6 8. Be2
Bb4 9. O-O d4 10. Na4 O-O 11. a3 Bd6 12. b4 h6 13. h3 Bxf4 14. g3 Bd6 15. h4 Qd7
16. Qd2 Qh3 17. Rfb1 Bg4 18. Rb3 Rae8 19. Bf1 Bxg3 20. Bxh3 Bxf3 21. fxg3 Re2
22. Qxe2 Bxe2 23. Re1 Bh5 24. g4 Bxg4 25. Bxg4 Nxg4 26. Nc5 Nce5 27. Nxb7 Nf3+
28. Kf1 Ne3+ 29. Kf2 Nxe1 30. Kxe1 Nxc2+ 31. Kd1 Ne3+ 32. Kd2 Nf1+ 33. Kc2 Ne3+
34. Kd2 Ng2 35. b5 Nxh4 36. a4 g5 37. a5 g4 38. b6 axb6 39. axb6 cxb6 40. Rxb6
g3 41. Rxh6 g2 42. Rxh4 g1=Q 43. Nd6 Qg5+ 44. Rf4 Qxf4+ 45. Kc2 Qxd6 46. Kd2
Qb4+ 47. Ke2 Re8+ 48. Kf2 Qe1+ 49. Kg2 Re2+ 50. Kh3 Re3+ 51. Kg2 Rg3+ 52. Kh2
Qg1# {LeoniMathis est échec et mat} 0-1

[Event "Champ FRA - Under 8"]
[Site "Europe Echecs"]
[Date "2020.07.06"]
[Round "5"]
[Time "15:45:34"]
[PlyCount "36"]
[White "DemangeSymeon"]
[Black "DebbicheAmir"]
[WhiteElo "799"]
[BlackElo "1110"]
[Mode "WEB"]
[Result "1-0"]

1. e4 e5 2. Nf3 Nc6 3. d4 d6 4. dxe5 dxe5 5. Qxd8+ Nxd8 6. Nxe5 Nc6 7. Nxc6 bxc6
8. Nc3 Bb4 9. Bd2 Bxc3 10. Bxc3 Ne7 11. O-O-O O-O 12. Be5 Bg4 13. f3 Bd7 14.
Bxc7 Nc8 15. Rxd7 Re8 16. Be5 Rxe5 17. Rd8+ Re8 18. Rxe8# {DebbicheAmir est échec et mat} 1-0

[Event "Champ FRA - Under 8"]
[Site "Europe Echecs"]
[Date "2020.07.06"]
[Round "5"]
[Time "15:45:34"]
[PlyCount "42"]
[White "StoyanovVictor"]
[Black "DoucetJeanGabr"]
[WhiteElo "799"]
[BlackElo "1100"]
[Mode "WEB"]
[Result "1-0"]

1. d4 d5 2. c4 dxc4 3. e4 Nc6 4. Nf3 e6 5. Bxc4 Qd7 6. Bf4 Qe7 7. Nc3 Bd7 8. Qe2
O-O-O 9. O-O Nf6 10. Bd3 Nb4 11. Be3 Re8 12. a3 g6 13. axb4 Bg7 14. Rxa7 Kb8 15.
Raa1 Rhf8 16. e5 Rc8 17. exf6 Bxf6 18. Be4 Bc6 19. Bxc6 bxc6 20. Qa6 c5 21. Qa8# {DoucetJeanGabr est échec et mat} 1-0

[Event "Champ FRA - Under 8"]
[Site "Europe Echecs"]
[Date "2020.07.06"]
[Round "5"]
[Time "15:45:34"]
[PlyCount "44"]
[White "KeyrillosGabri"]
[Black "MougenotSacha"]
[WhiteElo "1044"]
[BlackElo "799"]
[Mode "WEB"]
[Result "1-0"]

1. d4 e6 2. e4 Bb4+ 3. Bd2 Nc6 4. Bxb4 Nxb4 5. a3 Nc6 6. Nf3 d5 7. exd5 Qxd5 8.
Be2 Qa5+ 9. Qd2 Qb5 10. Bxb5 Bd7 11. Ne5 Na5 12. Bxd7+ Ke7 13. Qxa5 b6 14. Qb4+
Kf6 15. Nc6 a5 16. Qd2 Nh6 17. Qf4+ Kg6 18. Ne5+ Kh5 19. g4+ Kh4 20. g5+ Kh5 21.
gxh6 gxh6 22. Qg4# {MougenotSacha est échec et mat} 1-0

[Event "Champ FRA - Under 8"]
[Site "Europe Echecs"]
[Date "2020.07.06"]
[Round "5"]
[Time "15:45:34"]
[PlyCount "94"]
[White "JarryEliot"]
[Black "GanbatTushig"]
[WhiteElo "890"]
[BlackElo "799"]
[Mode "WEB"]
[Result "1-0"]

1. e4 e5 2. d4 exd4 3. Qxd4 Nc6 4. Qd1 Nf6 5. Bg5 h6 6. Bxf6 Qxf6 7. Nf3 Qxb2 8.
Nbd2 Bb4 9. Be2 Bxd2+ 10. Nxd2 O-O 11. Nc4 Qd4 12. Nd2 d5 13. O-O dxe4 14. Nb3
Qxd1 15. Raxd1 Bf5 16. c4 Nb4 17. h3 Nxa2 18. Bg4 Bxg4 19. hxg4 Nc3 20. Rd7 Rac8
21. Nc5 b6 22. Nb3 Ne2+ 23. Kh2 Nf4 24. c5 Rfd8 25. Re7 Re8 26. Rd7 c6 27. cxb6
axb6 28. Rb7 b5 29. Nd4 Rb8 30. Rc7 Rec8 31. Re7 Re8 32. Ra7 Rec8 33. Nf5 g6 34.
Nxh6+ Kg7 35. Nxf7 Kg8 36. Nh6+ Kh8 37. Rd1 Ra8 38. Rf7 Rf8 39. Rc7 Rfc8 40. Rb7
Rab8 41. Ra7 Ne6 42. Re7 Re8 43. Red7 Nc5 44. Rf7 Rf8 45. Ra7 Rxf2 46. Rdd7 Ne6
47. Rh7# {GanbatTushig est échec et mat} 1-0

[Event "Champ FRA - Under 8"]
[Site "Europe Echecs"]
[Date "2020.07.06"]
[Round "5"]
[Time "15:45:34"]
[PlyCount "34"]
[White "GriffonLoris"]
[Black "CotterchioDant"]
[WhiteElo "1200"]
[BlackElo "1260"]
[Mode "WEB"]
[Result "1-0"]

1. e4 e5 2. Nf3 Nc6 3. Nc3 Nf6 4. d4 Bd6 5. dxe5 O-O 6. exd6 cxd6 7. Bg5 h6 8.
Bh4 g5 9. Bg3 Re8 10. Bxd6 Nxe4 11. Nxe4 Rxe4+ 12. Be2 Qa5+ 13. c3 f6 14. O-O g4
15. Nd4 g3 16. hxg3 Qh5 17. Bxh5 {CotterchioDant a abandonné} 1-0

[Event "Champ FRA - Under 8"]
[Site "Europe Echecs"]
[Date "2020.07.06"]
[Round "5"]
[Time "15:45:34"]
[PlyCount "84"]
[White "RichardAlexis"]
[Black "ChenSophie"]
[WhiteElo "1250"]
[BlackElo "800"]
[Mode "WEB"]
[Result "1-0"]

1. e4 e5 2. Bc4 Nc6 3. Qh5 g6 4. Qf3 d5 5. Bxd5 Nf6 6. Qd1 Nd4 7. c3 Nb5 8. d4
Nxd5 9. exd5 Qxd5 10. Nd2 Nd6 11. Ne2 Bg4 12. O-O Qc4 13. Re1 Qb5 14. c4 Nxc4
15. a4 Qa5 16. b3 Nd6 17. h3 Qc3 18. Ra2 Qd3 19. hxg4 h5 20. gxh5 gxh5 21. Rc2
Nf5 22. Rc3 Qa6 23. Rxc7 Qb6 24. Rc4 Qe6 25. Ne4 Nh4 26. g3 Nf3+ 27. Kf1 Nxe1
28. Kxe1 Qh3 29. Ng1 Qg2 30. Ke2 Qxe4+ 31. Be3 Rg8 32. f3 Qd5 33. dxe5 Qxe5 34.
f4 Qf5 35. Qc2 Qd5 36. Rd4 Qc6 37. Rc4 Qd7 38. Rd4 Qc8 39. Rc4 Qb8 40. Qe4+ Be7
41. Bc5 b6 42. Qxe7# {ChenSophie est échec et mat} 1-0

[Event "Champ FRA - Under 8"]
[Site "Europe Echecs"]
[Date "2020.07.06"]
[Round "5"]
[Time "15:45:34"]
[PlyCount "72"]
[White "RaykoPauline"]
[Black "CoutonTheo"]
[WhiteElo "900"]
[BlackElo "1190"]
[Mode "WEB"]
[Result "1-0"]

1. e4 e5 2. Nf3 Nc6 3. Bb5 Nf6 4. Bxc6 bxc6 5. Nxe5 d6 6. Nxc6 Qd7 7. Nd4 c5 8.
Ne2 Nxe4 9. Nbc3 Nxf2 10. Kxf2 d5 11. Nf4 d4 12. Ncd5 Be7 13. Nxe7 Qxe7 14. Re1
Qxe1+ 15. Qxe1+ Be6 16. Nxe6 fxe6 17. Qxe6+ Kd8 18. Qd6+ Ke8 19. Qc6+ Kd8 20.
Qxa8+ Kd7 21. Qxh8 Ke6 22. Qxg7 Kf5 23. Qxh7+ Kf6 24. d3 Ke6 25. Qh6+ Kd5 26.
Qh5+ Kd6 27. Bf4+ Kc6 28. Qg6+ Kd5 29. Qf5+ Kc6 30. Qe6+ Kb5 31. Qe8+ Kb4 32.
a3+ Ka5 33. Qa8 Kb5 34. Qb8+ Ka6 35. b4 cxb4 36. axb4# {CoutonTheo est échec et mat} 1-0

[Event "Champ FRA - Under 8"]
[Site "Europe Echecs"]
[Date "2020.07.06"]
[Round "5"]
[Time "15:45:34"]
[PlyCount "31"]
[White "GadoisMelina"]
[Black "BarrialMaxence"]
[WhiteElo "1150"]
[BlackElo "799"]
[Mode "WEB"]
[Result "0-1"]

1. e4 e5 2. Nf3 f5 3. exf5 e4 4. Ne5 Nf6 5. Nc3 Bb4 6. d3 Bxc3+ 7. bxc3 exd3 8.
cxd3 b6 9. Be2 Bb7 10. O-O O-O 11. Ba3 d6 12. Nf3 Ng4 13. Qd2 Bxf3 14. Bxf3 Qh4
15. Bxa8 Qxh2# {GadoisMelina est échec et mat} 0-1

[Event "Champ FRA - Under 8"]
[Site "Europe Echecs"]
[Date "2020.07.06"]
[Round "5"]
[Time "15:45:34"]
[PlyCount "42"]
[White "VidalAlexandre"]
[Black "ColinFelix"]
[WhiteElo "1130"]
[BlackElo "799"]
[Mode "WEB"]
[Result "1-0"]

1. e4 e5 2. Nf3 Nc6 3. Nc3 Nf6 4. Nb1 Nxe4 5. Bc4 Nf6 6. Nc3 d5 7. O-O dxc4 8.
d3 cxd3 9. cxd3 Bb4 10. a3 Bxc3 11. bxc3 Bg4 12. h3 Bxf3 13. Qxf3 O-O 14. d4
exd4 15. cxd4 Nxd4 16. Qg3 Nc2 17. Bh6 Nh5 18. Qg4 Nxa1 19. Qxh5 g6 20. Qe5 Re8
21. Qg7# {ColinFelix est échec et mat} 1-0

[Event "Champ FRA - Under 8"]
[Site "Europe Echecs"]
[Date "2020.07.06"]
[Round "5"]
[Time "15:45:34"]
[PlyCount "44"]
[White "DuboisSelene"]
[Black "MauricDalmauCa"]
[WhiteElo "1037"]
[BlackElo "799"]
[Mode "WEB"]
[Result "1-0"]

1. e4 e5 2. Bc4 Nc6 3. Nf3 Nf6 4. Nc3 Bc5 5. O-O O-O 6. d3 g6 7. Bh6 d6 8. Bxf8
Kxf8 9. Ng5 Be6 10. Bxe6 fxe6 11. Nxe6+ Ke8 12. Nxd8 Kxd8 13. Qf3 Ke7 14. Nd5+
Nxd5 15. exd5 Nd4 16. Qf4 exf4 17. Rfe1+ Kd7 18. Re4 Nxc2 19. Rae1 f3 20. Re7+
Kd8 21. Re8+ Kd7 22. R1e7# {MauricDalmauCa est échec et mat} 1-0

[Event "Champ FRA - Under 8"]
[Site "Europe Echecs"]
[Date "2020.07.06"]
[Round "5"]
[Time "15:45:34"]
[PlyCount "120"]
[White "KhantalinIrakl"]
[Black "PopThomas"]
[WhiteElo "799"]
[BlackElo "1030"]
[Mode "WEB"]
[Result "1-0"]

1. e4 e5 2. Nf3 Nc6 3. Bc4 Bc5 4. Nc3 Nf6 5. O-O d6 6. d3 O-O 7. Bg5 Bd7 8. a3
h6 9. Bxf6 Qxf6 10. b4 Be6 11. bxc5 Bxc4 12. dxc4 dxc5 13. Qc1 Nd4 14. Nd5 Nxf3+
15. gxf3 Qxf3 16. Nxc7 Rac8 17. Nb5 a6 18. Na7 Rb8 19. Qd1 Qxe4 20. Re1 Qh4 21.
Rxe5 Rfd8 22. Qc1 Rd7 23. Qe1 Rdd8 24. Qe4 Qxe4 25. Rxe4 Re8 26. Rxe8+ Rxe8 27.
Kf1 Rd8 28. Re1 Kh7 29. Re7 f6 30. Rxb7 Rd2 31. Rb2 g5 32. Ke1 Rd4 33. c3 Rh4
34. Rb6 Rxh2 35. Ke2 h5 36. Rxa6 h4 37. Rxf6 Rg2 38. Rf7+ Kg6 39. Rc7 h3 40. Rc8
h2 41. Rh8 h1=Q 42. Rxh1 Kf5 43. Rh5 Rg4 44. f3 Rxc4 45. Nb5 Kg6 46. Rh8 g4 47.
fxg4 Rxg4 48. a4 Rxa4 49. Rf8 Kg7 50. Rc8 Rc4 51. Kd3 Ra4 52. Rxc5 Ra5 53. c4
Kf6 54. Rc6+ Ke7 55. Rc7+ Kd8 56. Rc5 Kd7 57. Rh5 Ke6 58. Nc7+ Kd6 59. Rxa5 Kxc7
60. Kd4 {PopThomas a abandonné} 1-0

[Event "Champ FRA - Under 8"]
[Site "Europe Echecs"]
[Date "2020.07.06"]
[Round "5"]
[Time "15:45:34"]
[PlyCount "35"]
[White "GrallKynan"]
[Black "NicolettiLouis"]
[WhiteElo "1020"]
[BlackElo "799"]
[Mode "WEB"]
[Result "0-1"]

1. e4 e5 2. Bc4 Nf6 3. Nf3 Bc5 4. Ng5 d5 5. Nxf7 Kxf7 6. Bxd5+ Nxd5 7. O-O Nf4
8. g3 Nh3+ 9. Kg2 Qd4 10. Re1 Qxf2+ 11. Kh1 Bd7 12. Re2 Qd4 13. Re3 Bc6 14. Rd3
Qc4 15. Rc3 Qxe4+ 16. Rf3+ Qxf3+ 17. Qxf3+ Bxf3# {GrallKynan est échec et mat} 0-1

[Event "Champ FRA - Under 8"]
[Site "Europe Echecs"]
[Date "2020.07.06"]
[Round "5"]
[Time "15:45:34"]
[PlyCount "122"]
[White "SchmittVavihel"]
[Black "MolinesThibaut"]
[WhiteElo "1020"]
[BlackElo "799"]
[Mode "WEB"]
[Result "1/2-1/2"]

1. e4 e5 2. Bc4 Nf6 3. Nc3 Nc6 4. Nf3 Bd6 5. O-O O-O 6. d3 h5 7. Bg5 g6 8. Bxf6
Qxf6 9. Bb5 Nb4 10. a3 c6 11. Bc4 Bc5 12. axb4 Bxb4 13. Ra4 Bxc3 14. bxc3 a6 15.
Ra1 Qf4 16. Rb1 g5 17. d4 exd4 18. cxd4 Qxe4 19. Re1 Qf4 20. Re7 d5 21. Qe1 dxc4
22. Rb4 Bg4 23. Rbxb7 Bxf3 24. gxf3 Qxf3 25. Qb4 a5 26. Qxc4 a4 27. Qxc6 Rfc8
28. Qxf3 h4 29. Qa3 Rxc2 30. Ra7 Rxa7 31. Rxa7 Rc4 32. Rxa4 Rc6 33. d5 Rc8 34.
d6 Rd8 35. Qd3 h3 36. d7 g4 37. Ra8 Rxa8 38. d8=Q+ Rxd8 39. Qxd8+ Kg7 40. Qg5+
Kf8 41. Qxg4 Ke7 42. Qxh3 f6 43. Qh7+ Ke6 44. f4 f5 45. Kg2 Kf6 46. Kg3 Ke6 47.
Kh4 Kf6 48. Qh5 Ke6 49. Kg5 Kd5 50. Qf7+ Ke4 51. Qxf5+ Kf3 52. Qg4+ Ke4 53. Qf5+
Kd4 54. Kf6 Kc4 55. Qe5 Kb4 56. Ke6 Ka4 57. Qd5 Kb4 58. f5 Ka4 59. f6 Kb4 60. f7
Ka4 61. f8=Q {Nulle par pat} 1/2-1/2

[Event "Champ FRA - Under 8"]
[Site "Europe Echecs"]
[Date "2020.07.06"]
[Round "5"]
[Time "15:45:34"]
[PlyCount "71"]
[White "PonzeveraAlexa"]
[Black "AboulasseGhita"]
[WhiteElo "799"]
[BlackElo "1008"]
[Mode "WEB"]
[Result "0-1"]

1. e4 c5 2. Nf3 Nc6 3. Bc4 Nf6 4. Ng5 e6 5. Nc3 g6 6. O-O Bg7 7. d3 O-O 8. Bf4
h6 9. Nf3 b6 10. Qd2 Kh7 11. Nh4 g5 12. Bd6 Re8 13. Nf3 e5 14. Rfe1 Bb7 15. Rad1
Ng8 16. h3 Rc8 17. Bxf7 Qf6 18. Bxe8 Rxe8 19. Nd5 Qxd6 20. c4 Nf6 21. Nxf6+ Bxf6
22. Re3 Rg8 23. a4 g4 24. hxg4 Rxg4 25. b3 Nd4 26. Nxd4 Qxd4 27. f3 Rg8 28. g4
Bg5 29. Qe2 Bxe3+ 30. Kf1 Bg5 31. Qh2 Rf8 32. Rd2 Bxd2 33. Qxd2 Rxf3+ 34. Ke1
Qa1+ 35. Ke2 Qf1# {PonzeveraAlexa est échec et mat} 0-1

[Event "Champ FRA - Under 8"]
[Site "Europe Echecs"]
[Date "2020.07.06"]
[Round "5"]
[Time "15:45:34"]
[PlyCount "70"]
[White "ReissOscar"]
[Black "CosynsThibault"]
[WhiteElo "799"]
[BlackElo "990"]
[Mode "WEB"]
[Result "1-0"]

1. e4 d5 2. exd5 Qxd5 3. Nc3 Qe5+ 4. Be2 Qf5 5. Nf3 e6 6. O-O c6 7. Bd3 Qf4 8.
Be4 Bd7 9. d3 Qd6 10. g3 Na6 11. Bf4 Qc5 12. d4 Qh5 13. Re1 O-O-O 14. Bd3 Qh3
15. Bf1 Qg4 16. Be2 Qh3 17. Ng5 Qh6 18. Nge4 Qf6 19. Bg5 Qg6 20. Bh5 Qf6 21.
Bxf6 Nxf6 22. Nxf6 gxf6 23. Bxf7 e5 24. dxe5 fxe5 25. Rxe5 Nc7 26. Qh5 Ne6 27.
Bxe6 Bxe6 28. Rxe6 Rd2 29. Qe8+ Rd8 30. Qf7 Rd2 31. Re8+ Rd8 32. Rxd8+ Kxd8 33.
Rd1+ Kc8 34. Qd7+ Kb8 35. Qd8# {CosynsThibault est échec et mat} 1-0

[Event "Champ FRA - Under 8"]
[Site "Europe Echecs"]
[Date "2020.07.06"]
[Round "5"]
[Time "15:45:34"]
[PlyCount "68"]
[White "LavissiereGene"]
[Black "ClaverieMartin"]
[WhiteElo "920"]
[BlackElo "810"]
[Mode "WEB"]
[Result "1-0"]

1. e4 e5 2. Nc3 Nc6 3. Nf3 Bc5 4. Bc4 h6 5. O-O Nf6 6. Nxe5 Nxe5 7. Nb5 O-O 8.
d4 Nxc4 9. dxc5 d6 10. cxd6 cxd6 11. e5 dxe5 12. Qxd8 Rxd8 13. Nc7 Rb8 14. Be3
Nxe3 15. fxe3 Nd7 16. Rad1 Nf6 17. Rxd8+ Kh7 18. Ne6 fxe6 19. Rf3 e4 20. Rf4 Nh5
21. Rff8 b5 22. g4 Nf6 23. h4 Nd7 24. h5 Nxf8 25. Rxf8 a6 26. c4 bxc4 27. b4 c3
28. b5 c2 29. Kg2 c1=Q 30. bxa6 Qc6 31. a7 Ra8 32. a4 Rxa7 33. g5 Rxa4 34. g6# {ClaverieMartin est échec et mat} 1-0

[Event "Champ FRA - Under 8"]
[Site "Europe Echecs"]
[Date "2020.07.06"]
[Round "5"]
[Time "15:45:34"]
[PlyCount "28"]
[White "VidalRaphael"]
[Black "MindeHeloise"]
[WhiteElo "799"]
[BlackElo "1110"]
[Mode "WEB"]
[Result "1-0"]

1. e4 e5 2. Nf3 d5 3. exd5 e4 4. Nc3 Nc6 5. Ng1 Bg4 6. Qxg4 Nf6 7. Qf5 Bb4 8. a3
Bxc3 9. dxc3 O-O 10. Bg5 g6 11. Qf4 h6 12. Bxf6 Ne7 13. Qxh6 e3 14. Qg7# {MindeHeloise est échec et mat} 1-0

[Event "Champ FRA - Under 8"]
[Site "Europe Echecs"]
[Date "2020.07.06"]
[Round "6"]
[Time "16:12:34"]
[PlyCount "105"]
[White "LacanrusDavid"]
[Black "DavidianAron"]
[WhiteElo "1136"]
[BlackElo "1369"]
[Mode "WEB"]
[Result "0-1"]

1. e4 c5 2. c3 d6 3. d4 cxd4 4. cxd4 Nc6 5. Nc3 Nf6 6. Nf3 g6 7. Bd3 Bg7 8. Be3
O-O 9. O-O Ng4 10. Bf4 Nxd4 11. Nxd4 Bxd4 12. Be2 Bxc3 13. bxc3 Nf6 14. Qc2 Kg7
15. Rad1 a6 16. e5 Ne8 17. Rd2 Qb6 18. exd6 Nxd6 19. Bxd6 exd6 20. Rfd1 Bf5 21.
Bd3 Bxd3 22. Rxd3 Rad8 23. Qd2 Rfe8 24. h3 Re6 25. Rd5 Qc6 26. Qd4+ Kg8 27. c4
Rde8 28. Kh2 Re4 29. Qd3 Qxc4 30. Rxd6 Qxd3 31. R6xd3 Re2 32. R1d2 b5 33. Kg3
Kg7 34. Kf3 Rxd2 35. Rxd2 Kf6 36. Rd6+ Re6 37. Rd2 Rc6 38. g3 h5 39. h4 Kf5 40.
Rd5+ Kf6 41. Rd2 Rc3+ 42. Kg2 Ke5 43. f4+ Kf5 44. Rd5+ Ke4 45. Re5+ Kd3 46. Rd5+
Kc2 47. Rd6 Ra3 48. Rd7 Rxa2 49. Rxf7 b4 50. Rg7 b3 51. Rxg6 b2 52. Rb6 b1=Q {LacanrusDavid a abandonné} 0-1